| 000 | 00366 a2200109 4500 | ||
|---|---|---|---|
| 001 | ART_28287 | ||
| 005 | 20260410161928.0 | ||
| 008 | 260409a | ||
| 245 | 1 | 0 | _aLos inicios del plan clandestino de represión en el período 1966-1973 en Argentina |
| 100 | 1 | _aFusca, Daiana | |
| 773 | 0 |
_tDerechos humanos _g- Año III, Nº 6/A (ene. 2015) _wREV22278 |
|
| 999 |
_c28326 _d28326 |
||